000 01428nam a2200277 a 4500
001 ASIN0078049938
005 20170105102842.0
008 130802s2010 xxu eng d
020 _a0078049938 (paperback)
020 _a9780078049934 (paperback)
040 _a0
050 0 4 _aD860
082 0 4 _a909.82
100 1 _aRourke, John.
245 1 0 _aTaking sides :
_bclashing views in world politics, expanded /
_cJohn Rourke.
250 _a14th ed.
260 _a[S.l.] :
_bMcGraw-Hill/Dushkin,
_c2010.
300 _a464 p. ;
_c24 cm.
520 _aTaking Sides volumes present current controversial issues in a debate-style format designed to stimulate student interest and develop critical thinking skills. Each issue is thoughtfully framed with an issue summary, an issue introduction, and a postscript or challenge questions. Taking Sides readers feature an annotated listing of selected World Wide Web sites. An online Instructor’s Resource Guide with testing material is available for each volume. Using Taking Sides in the Classroom is also an excellent instructor resource. Visit www.mhhe.com/takingsides for more details.
650 0 _aInternational relations
650 0 _aInternational relations--Public opinion
650 0 _aWorld politics
650 0 _aWorld politics--Public opinion
856 4 0 _3Amazon.com
_uhttp://www.amazon.com/exec/obidos/ASIN/0078049938/chopaconline-20
942 _2ddc
_cBK
999 _c13913
_d13913